000 01240nam a2200325 i 4500
003 EG-GICUC
005 20260121101446.0
008 251209s1971 ua ||||fr|||| 00| 0 ara d
017 _a19714880
040 _a EG-GICUC
_bara
_c EG-GICUC
_d EG-GICUC
_erda
041 0 _aara
082 0 4 _221
_a341.60569
_bأ ح . ف
092 0 4 _221
099 _aLaw1 11 341.60569 أ ح . ف 1971
100 0 _aأحمد طربين
_eمؤلف.
245 1 0 _a1922 - 1939 فلسطين فى خطط الصهيونية والإستعمار /
_cتأليف أحمد طربين.
264 1 _aالقاهرة :
_bمعهد البحوث والدراسات العربية,
_c1971.
300 _a302 صفحة ؛
_c24 سم.
336 _2rda content
_atext
337 _2rda media
_aComputer
338 _2rda carrier
_aOnline Resource
504 _aيحتوي على اراجاعات ببليوجرافية
546 _aالنص باللغة العربية
650 0 4 _aالقانون الحربى
_xالقانون الدولى العام
_zفلسطين
650 0 4 _aالقانون الدولي العام
_2qrmak
651 1 _2qrmak
856 4 0 _uhttps://fll.law.cu.edu.eg/fulltext/bks/B11-05322.pdf
905 _a75
_eHassnaa
942 _2ddc
_cBK
_e21
_n0
999 _c49437
_d49437